| 000 | 00903nam a2200253 i 4500 | ||
|---|---|---|---|
| 001 | 17944 | ||
| 003 | ES-MaACL | ||
| 005 | 20250604062530.0 | ||
| 007 | t| | ||
| 008 | 010627s1968 fr |||| | spa d | ||
| 080 | _a32(460)"18/19" | ||
| 080 | _a9.460"18/19" | ||
| 100 | 1 |
_aFernández de Castro, Ignacio. _949639 |
|
| 245 | 1 | 0 |
_aDe las Cortes de Cádiz al Plan de Desarrollo, 1808-1966 _b: ensayo de interpretación política de la España contemporánea / _cIgnacio Fernández de Castro. |
| 260 |
_a[París] : _bRuedo Ibérico, _c[1968] |
||
| 300 |
_a395 p. ; _c24 cm. |
||
| 490 | 1 | _aEspaña contemporánea | |
| 651 | 7 |
_aEspaña- _xHistoria- _yS.XIX _2 _9142005 |
|
| 651 | 4 |
_aEspaña- _xHistoria- _yS.XX. _9138832 |
|
| 710 | 2 |
_aÉditions Ruedo ibérico. _9145333 |
|
| 830 | 1 |
_aEspaña contemporánea _9180360 |
|
| 852 |
_aES-MaACL _jAND-45 _z- Biblioteca Juan Andrade |
||
| 999 |
_c17944 _d17944 |
||